Taylor Swift Red (TV) - Sudden Death #1 - Statistics

General Stats
  • This quiz has been taken 106 times
  • The average score is 13 of 16
Answers on the Grid
Answers color-coded by a green-red scale on the quiz's grid according to % correct below.
The Last Time
Foliage
Twin Flame
Forever Winter
Out Of The Woods
22
Fuck The Patriarchy
Begin Again
Novelty
Sad Beautiful Tragic
State Of Grace
All Too Well
Mr. Superior
Achilles' Heel
Starlight
Nothing New
Run
The Lucky One
Stay Stay Stay
Lost In Translation
Red
Youthful
Message In A Bottle
I Knew You Were Trouble
All Too Well (TMV)
 
Answer Stats
Answer % Correct
All Too Well
90%
The Last Time
90%
22
89%
I Knew You Were Trouble
89%
All Too Well (TMV)
88%
Red
88%
Forever Winter
85%
Message In A Bottle
84%
State Of Grace
84%
Nothing New
83%
Stay Stay Stay
83%
The Lucky One
83%
Begin Again
81%
Sad Beautiful Tragic
80%
Starlight
80%
Run
74%
No matching quizzes found
Score Distribution
Percent of People with Each Score
Percentile by Number Answered
Your Score History
You have not taken this quiz